[Event "SR 2. liga A 2008/2009"]
[Site "?"]
[Date "2008.11.08"]
[Round "3.2"]
[White "Petrik, Stanislav"]
[Black "Skreno, Vladimir"]
[Result "1/2-1/2"]
[WhiteElo "2215"]
[BlackElo "2208"]
[PlyCount "113"]
[EventDate "2008.??.??"]
[WhiteTeam "Slovakia"]
[BlackTeam "Slovakia"]
[WhiteTeamCountry "SVK"]
[BlackTeamCountry "SVK"]

1. e4 c5 2. Nf3 Nc6 3. Bb5 g6 4. O-O Bg7 5. Nc3 d6 6. d3 Bd7 7. a4 Nf6 8. Bg5
O-O 9. Qd2 Re8 10. h3 Nd4 11. Nxd4 cxd4 12. Ne2 Bxb5 13. axb5 Nd7 14. Qa5 Qc8
15. Rfc1 Qc5 16. Bd2 a6 17. bxa6 Rxa6 18. Qxc5 Nxc5 19. b4 Na4 20. b5 Raa8 21.
Kf1 Rec8 22. Ke1 Rc5 23. Ra2 Nb6 24. Rxa8+ Nxa8 25. Ra1 Nc7 26. b6 Na6 27. Ra4
Rxc2 28. Nxd4 Bxd4 29. Rxd4 Rb2 30. Ba5 Rb5 31. Ra4 Nc5 32. Ra3 Nxd3+ 33. Rxd3
Rxa5 34. Rc3 Rb5 35. Rc7 Rxb6 36. Rxe7 Kf8 37. Rc7 Rb2 38. Rd7 Rb6 39. Ke2 Ke8
40. Rc7 Rb3 41. f4 Kf8 42. Rd7 Rb2+ 43. Kf3 Rb6 44. g4 Rb3+ 45. Kf2 b5 46. Rxd6
Rxh3 47. Rb6 Rb3 48. e5 Rb2+ 49. Kf3 Rb3+ 50. Ke4 Rb4+ 51. Kf3 Rb3+ 52. Ke4
Rb4+ 53. Kf3 Rb3+ 54. Kf2 Rb2+ 55. Kf3 Rb3+ 56. Ke4 Rb4+ 57. Kf3 1/2-1/2

[Event "SR 2. liga A 2008/2009"]
[Site "?"]
[Date "2008.11.08"]
[Round "3.3"]
[White "Banasova, Katarina"]
[Black "Kleman, Miroslav"]
[Result "1/2-1/2"]
[WhiteElo "2139"]
[BlackElo "2204"]
[PlyCount "69"]
[EventDate "2008.??.??"]
[WhiteTeam "Slovakia"]
[BlackTeam "Slovakia"]
[WhiteTeamCountry "SVK"]
[BlackTeamCountry "SVK"]

1. e4 e5 2. Bc4 Nf6 3. d3 c6 4. Nf3 Be7 5. O-O d6 6. a4 O-O 7. Re1 Be6 8. Nbd2
Bxc4 9. Nxc4 Qc7 10. Bd2 Re8 11. h3 Bf8 12. Ne3 g6 13. Ng4 Nxg4 14. hxg4 d5 15.
g5 Bg7 16. Nh2 Nd7 17. Qf3 Qd6 18. Rad1 Re6 19. Ng4 Rf8 20. Be3 b6 21. c3 f5
22. gxf6 Nxf6 23. Qg3 Nh5 24. Qh4 Nf6 25. Nxf6+ Rexf6 26. Rd2 R6f7 27. Qh2 Qe6
28. Bg5 Qg4 29. Qh4 Qd7 30. Qh2 Qg4 31. Qh4 Qd7 32. Re3 d4 33. Rh3 Bh8 34. Bh6
Re8 35. Rg3 1/2-1/2

[Event "SR 2. liga A 2008/2009"]
[Site "?"]
[Date "2008.11.08"]
[Round "3.3"]
[White "Bukovsky, Milan"]
[Black "Csiba, Dominik"]
[Result "0-1"]
[WhiteElo "2022"]
[BlackElo "2169"]
[PlyCount "74"]
[EventDate "2008.??.??"]
[WhiteTeam "Slovakia"]
[BlackTeam "Slovakia"]
[WhiteTeamCountry "SVK"]
[BlackTeamCountry "SVK"]

1. c4 Nf6 2. Nc3 g6 3. e4 Bg7 4. d4 d6 5. Be2 O-O 6. Bg5 c5 7. d5 a6 8. Nf3 b5
9. Bd3 Nbd7 10. cxb5 axb5 11. O-O c4 12. Bc2 b4 13. Na4 Ba6 14. Re1 Bb5 15. Nd4
Bxa4 16. Bxa4 Nc5 17. Nc6 Qc7 18. Bc2 b3 19. axb3 Rxa1 20. Qxa1 cxb3 21. Bb1 e6
22. Qa5 Qxa5 23. Nxa5 exd5 24. exd5 Nxd5 25. Nc4 Ne6 26. Bc1 Ra8 27. Be4 Nec7
28. Nb6 Re8 29. Nxd5 Nxd5 30. Kf1 Nb4 31. Bb1 Rc8 32. Bf4 Bxb2 33. Bxd6 Nc2 34.
Rd1 Rd8 35. Rd2 Be5 36. Bb4 Rxd2 37. Bxd2 Na3 0-1

[Event "SR 2. liga A 2008/2009"]
[Site "?"]
[Date "2008.11.08"]
[Round "3.3"]
[White "Hartl, Jan"]
[Black "Samko, Karol"]
[Result "1/2-1/2"]
[WhiteElo "2161"]
[BlackElo "2048"]
[PlyCount "36"]
[EventDate "2008.??.??"]
[WhiteTeam "Slovakia"]
[BlackTeam "Slovakia"]
[WhiteTeamCountry "SVK"]
[BlackTeamCountry "SVK"]

1. e4 c5 2. Nf3 Nc6 3. d4 cxd4 4. Nxd4 g6 5. c4 Bg7 6. Be3 Nf6 7. Nc3 Ng4 8.
Qxg4 Nxd4 9. Qd1 Ne6 10. Rc1 Qa5 11. Qd2 b6 12. Qd5 Qxd5 13. cxd5 Nc5 14. f3 a5
15. Bb5 O-O 16. O-O d6 17. Rfd1 Ba6 18. Bd4 Rfc8 1/2-1/2

[Event "SR 2. liga A 2008/2009"]
[Site "?"]
[Date "2008.11.08"]
[Round "3.3"]
[White "Malar, Pavol"]
[Black "Biro, Karol"]
[Result "1-0"]
[WhiteElo "2090"]
[BlackElo "2186"]
[PlyCount "45"]
[EventDate "2008.??.??"]
[WhiteTeam "Slovakia"]
[BlackTeam "Slovakia"]
[WhiteTeamCountry "SVK"]
[BlackTeamCountry "SVK"]

1. e4 e5 2. Nf3 Nc6 3. Bb5 a6 4. Ba4 b5 5. Bb3 d6 6. O-O Be7 7. c3 Na5 8. Bc2
c5 9. Re1 Nc6 10. h3 g5 11. d4 cxd4 12. cxd4 g4 13. hxg4 Bxg4 14. dxe5 Nxe5 15.
Nbd2 Nf6 16. a4 O-O 17. Qe2 Rb8 18. axb5 axb5 19. Qe3 Nxf3+ 20. Nxf3 Nd7 21. e5
Bxf3 22. Qxf3 Nxe5 23. Rxe5 1-0

[Event "SR 2. liga A 2008/2009"]
[Site "?"]
[Date "2008.11.08"]
[Round "3.3"]
[White "Matulik, Daniel"]
[Black "Certek, Pavel"]
[Result "1/2-1/2"]
[WhiteElo "2169"]
[BlackElo "2216"]
[PlyCount "180"]
[EventDate "2008.??.??"]
[WhiteTeam "Piestany"]
[BlackTeam "Dopr.Podnik BA"]
[WhiteTeamCountry "SVK"]
[BlackTeamCountry "SVK"]

1. Nf3 g6 2. g3 Bg7 3. Bg2 c5 4. O-O Nc6 5. e4 Nf6 6. d3 O-O 7. Nbd2 d5 8. exd5
Nxd5 9. h3 e5 10. Nc4 h6 11. Re1 Re8 12. a4 Ndb4 13. Bd2 Qc7 14. Bc3 Bd7 15.
Nfd2 Rad8 16. Ne4 Be6 17. b3 Nd4 18. Bxd4 cxd4 19. Ned2 b6 20. Nf3 f6 21. Qd2
Bf8 22. Nh2 Kh7 23. Ng4 Bxg4 24. hxg4 Nd5 25. Bxd5 Rxd5 26. Qd1 Bb4 27. Re4 a6
28. Ra2 Re7 29. Re2 Kg7 30. Qf1 Rd8 31. Qg2 Rc8 32. Qd5 Qc6 33. Qxc6 Rxc6 34.
Nd2 Rec7 35. Nf3 g5 36. Kf1 Kg6 37. Kg2 h5 38. gxh5+ Kxh5 39. Nh2 g4 40. f3
gxf3+ 41. Kxf3 Kg6 42. Ng4 Bf8 43. Nf2 Bh6 44. Ng4 Bg7 45. Nf2 Rc8 46. Ng4 R6c7
47. Nf2 Rh8 48. Kg2 Bh6 49. Ra1 Bg5 50. Ne4 Be3 51. Nd6 Rch7 52. Kf3 Bg5 53.
Nc4 Rb8 54. Rf1 Rd7 55. Kg4 b5 56. axb5 axb5 57. Nd2 Rf7 58. Rf5 Bxd2 59. Rxd2
Rh8 60. Rdf2 Rh1 61. Rf1 Rxf1 62. Rxf1 f5+ 63. Kf3 Rc7 64. Rf2 Kg5 65. Re2 Kf6
66. Rh2 Rc3 67. g4 e4+ 68. Kf4 exd3 69. cxd3 fxg4 70. Rh6+ Ke7 71. Ke4 Rxb3 72.
Rg6 Rb4 73. Kd5 Rb3 74. Ke4 Kd7 75. Rxg4 Kc6 76. Rg6+ Kc5 77. Rg5+ Kb4 78. Kxd4
Rb1 79. Rg8 Rc1 80. Rb8 Rc7 81. Kd5 Ka4 82. d4 b4 83. Kd6 Rc4 84. Ra8+ Kb3 85.
d5 Kc3 86. Ke7 Re4+ 87. Kf7 b3 88. Rc8+ Kd2 89. Rb8 Kc2 90. d6 Rd4 1/2-1/2

[Event "SR 2. liga A 2008/2009"]
[Site "?"]
[Date "2008.11.08"]
[Round "3.3"]
[White "Pagerka, Martin"]
[Black "Kovac, Andrej"]
[Result "1-0"]
[WhiteElo "1998"]
[BlackElo "2038"]
[PlyCount "69"]
[EventDate "2008.??.??"]
[WhiteTeam "Slovakia"]
[BlackTeam "Slovakia"]
[WhiteTeamCountry "SVK"]
[BlackTeamCountry "SVK"]

1. e4 c5 2. Nf3 e6 3. d4 cxd4 4. Nxd4 Nc6 5. Nc3 Nf6 6. Ndb5 d6 7. Bf4 e5 8.
Bg5 a6 9. Na3 b5 10. Bxf6 gxf6 11. Nd5 f5 12. c3 Bg7 13. exf5 Bxf5 14. Nc2 O-O
15. Nce3 Be6 16. Bd3 f5 17. Bc2 b4 18. Bb3 Na5 19. Nxb4 Nxb3 20. axb3 a5 21.
Nbd5 f4 22. Nc4 Qg5 23. Qd2 Ra7 24. O-O-O a4 25. b4 a3 26. Nxa3 e4 27. g3 e3
28. fxe3 fxe3 29. Qxe3 Qxe3+ 30. Nxe3 Bxc3 31. Rxd6 Rf2 32. Nec2 Bf5 33. bxc3
Rxa3 34. Nxa3 Ra2 35. Nb1 1-0

[Event "SR 2. liga A 2008/2009"]
[Site "?"]
[Date "2008.11.08"]
[Round "3.4"]
[White "Csiba, Peter"]
[Black "Sturdik, Igor"]
[Result "0-1"]
[WhiteElo "2041"]
[BlackElo "2022"]
[PlyCount "78"]
[EventDate "2008.??.??"]
[WhiteTeam "Slovakia"]
[BlackTeam "Slovakia"]
[WhiteTeamCountry "SVK"]
[BlackTeamCountry "SVK"]

1. d4 Nf6 2. Nf3 c5 3. d5 e6 4. dxe6 fxe6 5. c4 d5 6. e3 Nc6 7. cxd5 exd5 8.
Bb5 Be7 9. O-O O-O 10. Nbd2 Bg4 11. Qa4 Qc7 12. h3 Bd7 13. Qd1 a6 14. Bd3 Nb4
15. Bb1 Bb5 16. Re1 Nd3 17. Bxd3 Bxd3 18. Nb3 Be4 19. Ng5 Bf5 20. Bd2 h6 21.
Nf3 Ne4 22. Rc1 b6 23. Nbd4 Qd7 24. Nxf5 Qxf5 25. Bc3 Rad8 26. Rf1 Rd6 27. Be5
Rg6 28. Kh2 Qe6 29. Bf4 Bd6 30. Bxd6 Qxd6+ 31. Kg1 Kh8 32. Qe2 Qe6 33. Kh2 Rgf6
34. Kg1 Rf5 35. Rc2 R8f6 36. Kh2 Rxf3 37. gxf3 Ng5 38. Rh1 Qxh3+ 39. Kg1 Nxf3+
0-1

[Event "SR 2. liga A 2008/2009"]
[Site "?"]
[Date "2008.11.08"]
[Round "3.4"]
[White "Kubon, Kamil"]
[Black "Michal, Silvio"]
[Result "1-0"]
[WhiteElo "2044"]
[BlackElo "2123"]
[PlyCount "104"]
[EventDate "2008.??.??"]
[WhiteTeam "Slovakia"]
[BlackTeam "Slovakia"]
[WhiteTeamCountry "SVK"]
[BlackTeamCountry "SVK"]

1. Nf3 Nf6 2. c4 e6 3. d4 b6 4. Bg5 Bb7 5. e3 Bb4+ 6. Nc3 h6 7. Bxf6 Qxf6 8.
Be2 O-O 9. Qc2 d6 10. O-O Bxc3 11. Qxc3 Nd7 12. Rad1 Rfd8 13. Qc2 e5 14. d5 a5
15. Nd2 Re8 16. Ne4 Qg6 17. Bd3 f5 18. Ng3 e4 19. Be2 Qg5 20. Nh5 Ne5 21. Nf4
Bc8 22. f3 Bd7 23. Qc3 Re7 24. Nh3 Qg6 25. f4 Ng4 26. Bxg4 fxg4 27. Nf2 g3 28.
Nh1 gxh2+ 29. Kxh2 Rf8 30. Kg1 Rf5 31. Qe1 Rh5 32. Ng3 Bh3 33. gxh3 Rxh3 34.
Kg2 Qg4 35. Qf2 Rf7 36. Rh1 Rxh1 37. Rxh1 Rf6 38. Qe2 Qd7 39. Rg1 Rg6 40. Qh5
Kh7 41. b3 b5 42. Kf2 bxc4 43. bxc4 Qa4 44. Qe2 c6 45. Nxe4 Rxg1 46. Kxg1 Qb4
47. Ng3 Qb1+ 48. Kf2 cxd5 49. cxd5 a4 50. Qc4 Qb2+ 51. Kf3 a3 52. Ne2 Qb1 1-0

[Event "SR 2. liga A 2008/2009"]
[Site "?"]
[Date "2008.11.08"]
[Round "3.4"]
[White "Mikulas, Dusan"]
[Black "Mihalik, Marek"]
[Result "1-0"]
[WhiteElo "2098"]
[BlackElo "2183"]
[PlyCount "83"]
[EventDate "2008.??.??"]
[WhiteTeam "Dopr.Podnik BA"]
[BlackTeam "Piestany"]
[WhiteTeamCountry "SVK"]
[BlackTeamCountry "SVK"]

1. e4 c5 2. Nf3 d6 3. d4 cxd4 4. Nxd4 Nf6 5. Nc3 a6 6. f4 g6 7. Nf3 Nc6 8. Bd3
Bg7 9. O-O O-O 10. Kh1 Bd7 11. Qe1 Qa5 12. Bd2 Qh5 13. Ne2 Qc5 14. Qh4 Bg4 15.
f5 Bxf3 16. Rxf3 Ne5 17. Rh3 gxf5 18. Nf4 Nxd3 19. cxd3 fxe4 20. dxe4 h6 21.
Nd3 Qd4 22. Re1 h5 23. Bc3 Qb6 24. Bxf6 exf6 25. Qxh5 Rfc8 26. Qh7+ Kf8 27. Rg3
Ke7 28. Rxg7 Rf8 29. Qf5 Qb5 30. Qf3 Rac8 31. Rf1 Rc7 32. Qxf6+ Ke8 33. Qf3 Re7
34. Nf4 Qxb2 35. Rg5 Qd2 36. Rd5 Qxa2 37. Ng6 fxg6 38. Qxf8+ Kd7 39. Qb8 Qa3
40. Qxb7+ Ke6 41. Qc8+ Rd7 42. Qg8+ 1-0

[Event "SR 2. liga A 2008/2009"]
[Site "?"]
[Date "2008.11.08"]
[Round "3.4"]
[White "Padysak, Tomas"]
[Black "Polasek, Filip"]
[Result "0-1"]
[WhiteElo "1941"]
[BlackElo "2096"]
[PlyCount "96"]
[EventDate "2008.??.??"]
[WhiteTeam "Slovakia"]
[BlackTeam "Slovakia"]
[WhiteTeamCountry "SVK"]
[BlackTeamCountry "SVK"]

1. e4 e5 2. Nf3 Nc6 3. Bb5 a6 4. Ba4 Nf6 5. O-O Be7 6. Re1 b5 7. Bb3 O-O 8. h3
d5 9. exd5 Nxd5 10. Nxe5 Nxe5 11. Rxe5 Nf6 12. d3 Bd6 13. Re1 Bb7 14. Nc3 Qd7
15. Bg5 Qf5 16. Bxf6 Qxf6 17. Rb1 Qf4 18. g3 Qh6 19. Bd5 Bxd5 20. Nxd5 Qxh3 21.
Qf3 Rae8 22. Re4 Rxe4 23. Qxe4 f5 24. Qe6+ Kh8 25. Re1 Bc5 26. Ne3 Qh5 27. Nd5
Qg5 28. Kf1 Bd6 29. c3 f4 30. gxf4 Bxf4 31. Nxf4 Qxf4 32. Qe3 Qf5 33. d4 h6 34.
Kg1 Rf6 35. Kf1 Rg6 36. a3 Kh7 37. Rd1 Qg4 38. Rd3 Re6 39. Qf3 Qg6 40. Qg3 Qe4
41. Qf3 Qe1+ 42. Kg2 Rg6+ 43. Kh2 Rf6 44. Qd1 Rxf2+ 45. Kh3 Qxd1 46. Rxd1 Rxb2
47. d5 Rb3 48. Rd3 Rxa3 0-1

[Event "SR 2. liga A 2008/2009"]
[Site "?"]
[Date "2008.11.08"]
[Round "3.4"]
[White "Petrik, Karol"]
[Black "Bisco, Igor"]
[Result "1/2-1/2"]
[WhiteElo "2167"]
[BlackElo "2151"]
[PlyCount "84"]
[EventDate "2008.??.??"]
[WhiteTeam "Slovakia"]
[BlackTeam "Slovakia"]
[WhiteTeamCountry "SVK"]
[BlackTeamCountry "SVK"]

1. e4 e5 2. Nf3 Nc6 3. d4 exd4 4. c3 d3 5. Bxd3 d6 6. h3 Be7 7. Nbd2 Nf6 8. O-O
O-O 9. Re1 Re8 10. Bc2 Bf8 11. Nf1 h6 12. Ng3 Be6 13. Nd4 Nxd4 14. cxd4 c5 15.
Be3 Rc8 16. dxc5 dxc5 17. Qf3 a6 18. Rad1 Qb6 19. b3 Qa5 20. e5 Nd5 21. Bd2
Qxa2 22. Bb1 Qb2 23. Be4 Nb4 24. Bc3 Qxb3 25. Rb1 Qc4 26. Rec1 Qa2 27. Bxb7 Rb8
28. Bxb4 cxb4 29. Ra1 Qb2 30. Re1 a5 31. Rxa5 b3 32. Raa1 Qd4 33. Rad1 Qb4 34.
Be4 Rec8 35. Bb1 Rc3 36. Qe4 Qxe4 37. Nxe4 Rc4 38. Nd2 Rc3 39. Nf3 b2 40. Nd4
Rb4 41. Nxe6 fxe6 42. Kf1 Bc5 1/2-1/2

[Event "SR 2. liga A 2008/2009"]
[Site "?"]
[Date "2008.11.08"]
[Round "3.4"]
[White "Polacik, Igor"]
[Black "Mydlarik, Martin"]
[Result "1/2-1/2"]
[WhiteElo "2194"]
[BlackElo "2124"]
[PlyCount "76"]
[EventDate "2008.??.??"]
[WhiteTeam "Slovakia"]
[BlackTeam "Slovakia"]
[WhiteTeamCountry "SVK"]
[BlackTeamCountry "SVK"]

1. e4 d5 2. exd5 Qxd5 3. Nc3 Qa5 4. d4 Nf6 5. Bc4 Bg4 6. Nge2 e6 7. Bd2 c6 8.
h3 Bh5 9. Nd5 Qd8 10. Nxf6+ gxf6 11. c3 Nd7 12. Qb3 Nb6 13. Nf4 Nxc4 14. Qxc4
Bg6 15. O-O-O Qd7 16. Be3 Bd6 17. Rhe1 Bxf4 18. Bxf4 Qd5 19. Qxd5 cxd5 20. Bd6
Kd7 21. Bg3 b5 22. Re3 Rhc8 23. Bh4 a5 24. Kd2 Ra6 25. Bxf6 Rac6 26. g4 b4 27.
h4 bxc3+ 28. Rxc3 Rxc3 29. bxc3 Rb8 30. Ke3 a4 31. Be5 Rb2 32. Rd2 a3 33. Bg7
Ke7 34. g5 Rxd2 35. Kxd2 Bb1 36. Bf6+ Kd7 37. Bg7 Ke8 38. Be5 Ke7 1/2-1/2

[Event "SR 2. liga A 2008/2009"]
[Site "?"]
[Date "2008.11.08"]
[Round "3.5"]
[White "Gono, Michal"]
[Black "Slapak, Zdenek"]
[Result "0-1"]
[WhiteElo "1854"]
[BlackElo "2173"]
[PlyCount "76"]
[EventDate "2008.??.??"]
[WhiteTeam "Piestany"]
[BlackTeam "Dopr.Podnik BA"]
[WhiteTeamCountry "SVK"]
[BlackTeamCountry "SVK"]

1. Nf3 f5 2. d4 Nf6 3. g3 e6 4. Bg2 d5 5. O-O Be7 6. c4 O-O 7. Nc3 c6 8. Bg5
Nbd7 9. cxd5 exd5 10. Rb1 Ne4 11. Bxe7 Qxe7 12. e3 Ndf6 13. Qc2 Bd7 14. Ne5 Be6
15. b4 Rfc8 16. Rfc1 a5 17. Na4 axb4 18. Nb6 Nc3 19. Nxc8 Bxc8 20. Rb2 Ra3 21.
Nd3 Nxa2 22. Rxa2 b3 23. Rxa3 bxc2 24. Ra8 Qc7 25. Rxc2 g6 26. Nf4 Kg7 27. Nxd5
Nxd5 28. Bxd5 Qb6 29. Ba2 Bd7 30. Rg8+ Kh6 31. Kg2 f4 32. gxf4 Bf5 33. Rc5 Qb2
34. Bc4 Be4+ 35. Kg3 Qb1 36. f5 Qg1+ 37. Kf4 Bxf5 38. Kf3 Qg4# 0-1

[Event "SR 2. liga A 2008/2009"]
[Site "?"]
[Date "2008.11.08"]
[Round "3.5"]
[White "Hecko, Dusan"]
[Black "Bury, Rastislav"]
[Result "0-1"]
[WhiteElo "2160"]
[BlackElo "2088"]
[Annotator "Fritz 9 (20s)"]
[PlyCount "90"]
[EventDate "2008.??.??"]
[WhiteTeam "Slovakia"]
[BlackTeam "Slovakia"]
[WhiteTeamCountry "SVK"]
[BlackTeamCountry "SVK"]

{B81: Sicilian Scheveningen: Keres Attack} 1. e4 c5 2. Nf3 d6 3. d4 cxd4 4.
Nxd4 Nf6 5. Nc3 a6 6. h3 e6 7. g4 d5 8. e5 $2 ({kniz. Fritz} 8. exd5 Nxd5 9.
Bd2 Bc5 10. Nb3 Ba7 11. Bg2 O-O 12. Qe2 Nxc3 13. Bxc3 Nc6 14. Rd1 Qc7 15. O-O
Bd7 16. Rd2 Rad8) 8... Nfd7 9. Qe2 Qb6 (9... Nc6 10. Nxc6 bxc6 11. Bg2 $17) 10.
Nb3 $15 d4 11. Nd1 (11. Nb1 Be7 $15) 11... Bb4+ $17 12. Bd2 Bxd2+ 13. Nxd2 Qc6
14. Qc4 $2 ({pozornost si zasluzilo} 14. f4 $142 $5 Qxc2 15. Qf3 $15) 14...
Nxe5 $17 15. Qxc6+ (15. Qxd4 $5 Qxh1 16. Qxe5 $17) 15... Nbxc6 $19 16. a3 Bd7
17. Bg2 Na5 18. b4 Bc6 19. Bxc6+ Naxc6 20. Nb2 h5 21. g5 Ne7 22. O-O-O O-O-O
23. Rhe1 Rd5 24. f4 (24. Nbc4 $5 Nxc4 25. Nxc4 $17) 24... N5g6 $19 25. Re4 Rf5
26. Ndc4 $17 Rxf4 27. Nd6+ $2 (27. Rexd4 $142 $5 Rxd4 28. Rxd4 $19) 27... Kc7
28. Rxf4 Nxf4 29. Nxf7 Rf8 30. Ne5 Rf5 31. Re1 Nxh3 32. Ned3 Nxg5 33. Nc5 Nc6
34. Nxe6+ Nxe6 35. Rxe6 h4 36. Rg6 Rf7 37. Rg4 h3 38. Rh4 Rf3 39. Nd3 g5 40.
Rh7+ Kd6 41. Kd2 Ne5 42. Nc5 g4 43. Nxb7+ Kd5 44. Nc5 Rf2+ 45. Ke1 Rxc2 0-1

[Event "SR 2. liga A 2008/2009"]
[Site "?"]
[Date "2008.11.08"]
[Round "3.5"]
[White "Hertel, Ondrej"]
[Black "Hazir, Svetozar"]
[Result "1-0"]
[WhiteElo "2040"]
[BlackElo "2143"]
[PlyCount "57"]
[EventDate "2008.??.??"]
[WhiteTeam "Slovakia"]
[BlackTeam "Slovakia"]
[WhiteTeamCountry "SVK"]
[BlackTeamCountry "SVK"]

1. d4 Nf6 2. Nf3 g6 3. c4 d6 4. Nc3 Bg7 5. e4 O-O 6. Be2 Nbd7 7. h3 e5 8. d5 h6
9. Be3 Kh7 10. b4 a5 11. a3 Ne8 12. g4 f5 13. Rc1 fxe4 14. Nxe4 Ndf6 15. Nfd2
axb4 16. axb4 c6 17. Bf3 Bd7 18. h4 Qe7 19. g5 Nxe4 20. Bxe4 Bf5 21. h5 Qf7 22.
gxh6 Bh8 23. dxc6 Nf6 24. hxg6+ Qxg6 25. Bxf5 Qxf5 26. cxb7 Rab8 27. Qf3 Qg6
28. Qc6 Qf7 29. Ne4 1-0

[Event "SR 2. liga A 2008/2009"]
[Site "?"]
[Date "2008.11.08"]
[Round "3.5"]
[White "Krist, Milan"]
[Black "Peitl, Tomas"]
[Result "1/2-1/2"]
[WhiteElo "2046"]
[BlackElo "2033"]
[PlyCount "66"]
[EventDate "2008.??.??"]
[WhiteTeam "Slovakia"]
[BlackTeam "Slovakia"]
[WhiteTeamCountry "SVK"]
[BlackTeamCountry "SVK"]

1. d4 Nf6 2. c4 e6 3. Nc3 Bb4 4. Bd2 O-O 5. Nf3 b6 6. e3 Bb7 7. Be2 d6 8. O-O
Nbd7 9. Rc1 a6 10. a3 Bxc3 11. Bxc3 Ne4 12. Nd2 f5 13. f3 Nxc3 14. Rxc3 Qf6 15.
f4 e5 16. fxe5 dxe5 17. d5 Qd6 18. Qc2 c6 19. e4 Qc5+ 20. Kh1 fxe4 21. Rxf8+
Rxf8 22. Nxe4 Qd4 23. Rg3 cxd5 24. Ng5 Qh4 25. Bf3 Nc5 26. cxd5 e4 27. Be2 Qf4
28. Qd1 Nd3 29. Nh3 Nf2+ 30. Nxf2 Qxf2 31. b4 Kh8 32. Rg4 Bxd5 33. h3 Be6
1/2-1/2

[Event "SR 2. liga A 2008/2009"]
[Site "?"]
[Date "2008.11.08"]
[Round "3.5"]
[White "Skara, Vladimir"]
[Black "Flak, Juraj"]
[Result "1-0"]
[WhiteElo "2097"]
[BlackElo "2061"]
[PlyCount "59"]
[EventDate "2008.??.??"]
[WhiteTeam "Slovakia"]
[BlackTeam "Slovakia"]
[WhiteTeamCountry "SVK"]
[BlackTeamCountry "SVK"]

1. e4 e5 2. d4 exd4 3. c3 dxc3 4. Bc4 Nf6 5. Nxc3 Bb4 6. Bxf7+ Kxf7 7. Qb3+ d5
8. Qxb4 Re8 9. Nf3 Nxe4 10. O-O Nc6 11. Qb3 Nxc3 12. bxc3 Ne5 13. Ng5+ Kg8 14.
Qc2 g6 15. f4 Bf5 16. Qf2 Nc4 17. g4 Bxg4 18. Qh4 h5 19. f5 gxf5 20. h3 Re4 21.
Qg3 Bxh3 22. Nxe4+ Bg4 23. Bg5 Qf8 24. Nf6+ Kg7 25. Nxh5+ Kh7 26. Qxc7+ Kg6 27.
Nf4+ Kxg5 28. Ne6+ Kh4 29. Qh7+ Bh5 30. Nxf8 1-0

[Event "SR 2. liga A 2008/2009"]
[Site "?"]
[Date "2008.11.08"]
[Round "3.5"]
[White "Syrovy, Ivan"]
[Black "Goga, Frantisek"]
[Result "1-0"]
[WhiteElo "2097"]
[BlackElo "1960"]
[PlyCount "65"]
[EventDate "2008.??.??"]
[WhiteTeam "Slovakia"]
[BlackTeam "Slovakia"]
[WhiteTeamCountry "SVK"]
[BlackTeamCountry "SVK"]

1. e4 c5 2. Nf3 d6 3. d4 cxd4 4. Nxd4 Nf6 5. Nc3 a6 6. Be2 e5 7. Nb3 Be7 8. O-O
Be6 9. f4 exf4 10. Rxf4 Nc6 11. Nd5 Bxd5 12. exd5 Ne5 13. Be3 Rc8 14. a4 O-O
15. Rb4 Qc7 16. c3 Bd8 17. Qd2 Re8 18. Rf1 Qe7 19. Bg5 Ned7 20. Bg4 Ne4 21.
Rxe4 Qxe4 22. Bxd7 Bb6+ 23. Nd4 Qxd5 24. Bxc8 Rxc8 25. Be3 Qa5 26. Qf2 Rf8 27.
Nf5 Bxe3 28. Qxe3 Qxa4 29. Qg5 g6 30. Ne7+ Kg7 31. Qf6+ Kh6 32. h4 Qg4 33. Rf4
1-0

[Event "SR 2. liga A 2008/2009"]
[Site "?"]
[Date "2008.11.08"]
[Round "3.6"]
[White "Chovanec, Vladimir"]
[Black "Vach, Pavol"]
[Result "1/2-1/2"]
[WhiteElo "2083"]
[BlackElo "2104"]
[PlyCount "49"]
[EventDate "2008.??.??"]
[WhiteTeam "Slovakia"]
[BlackTeam "Slovakia"]
[WhiteTeamCountry "SVK"]
[BlackTeamCountry "SVK"]

1. Nf3 e6 2. b3 d5 3. Bb2 Nf6 4. e3 c5 5. c4 Nc6 6. Be2 Bd6 7. O-O O-O 8. cxd5
exd5 9. d4 cxd4 10. Nxd4 Ne4 11. Nc3 Nxc3 12. Bxc3 Ne5 13. Nf3 Nxf3+ 14. Bxf3
Bxh2+ 15. Kxh2 Qc7+ 16. Kg1 Qxc3 17. Qxd5 Rb8 18. Rac1 Qb4 19. Rc4 Qb6 20. Qd4
Qxd4 21. Rxd4 Be6 22. Bd5 Bxd5 23. Rxd5 f6 24. Rfd1 Rf7 25. Rd8+ 1/2-1/2

[Event "SR 2. liga A 2008/2009"]
[Site "?"]
[Date "2008.11.08"]
[Round "3.6"]
[White "Hricak, Vasil"]
[Black "Mruskovic, Radoslav"]
[Result "1-0"]
[WhiteElo "2046"]
[BlackElo "1968"]
[PlyCount "87"]
[EventDate "2008.??.??"]
[WhiteTeam "Slovakia"]
[BlackTeam "Slovakia"]
[WhiteTeamCountry "SVK"]
[BlackTeamCountry "SVK"]

1. e4 c5 2. Nf3 Nc6 3. d4 cxd4 4. Nxd4 g6 5. Nc3 Bg7 6. Be3 d6 7. Qd2 Nf6 8. f3
a6 9. O-O-O Nxd4 10. Bxd4 O-O 11. g4 b5 12. h4 h5 13. Bxf6 Bxf6 14. gxh5 Be6
15. Nd5 Bxd5 16. exd5 Kg7 17. hxg6 fxg6 18. Bd3 Be5 19. Qg2 Rf6 20. Kb1 Qb6 21.
h5 Qd4 22. c3 Qxd5 23. Bxg6 Qxf3 24. Qxf3 Rxf3 25. Be4 Raf8 26. Bxf3 Rxf3 27.
Rdg1+ Kh6 28. a3 a5 29. Rg4 Bf6 30. a4 Rf5 31. axb5 Rxb5 32. Kc2 Rf5 33. Ra4 e6
34. Rg4 Bg5 35. Rd4 Be7 36. Rdd1 Rf2+ 37. Rd2 Rf5 38. Rhh2 e5 39. Rdf2 Rg5 40.
Rf7 Rg7 41. Rxg7 Kxg7 42. Kb3 Kh6 43. Ka4 e4 44. Kxa5 1-0

[Event "SR 2. liga A 2008/2009"]
[Site "?"]
[Date "2008.11.08"]
[Round "3.6"]
[White "Kolman, Richard"]
[Black "Mihalik, Anton"]
[Result "0-1"]
[WhiteElo "2110"]
[BlackElo "1959"]
[PlyCount "63"]
[EventDate "2008.??.??"]
[WhiteTeam "Dopr.Podnik BA"]
[BlackTeam "Piestany"]
[WhiteTeamCountry "SVK"]
[BlackTeamCountry "SVK"]

1. d4 d5 2. Nf3 Nf6 3. Bg5 e6 4. Nbd2 Be7 5. e3 Nbd7 6. Bd3 c5 7. c3 O-O 8. Ne5
Nxe5 9. dxe5 Nd7 10. Bf4 f5 11. h4 Rf7 12. Nf3 c4 13. Bc2 Nc5 14. Ng5 Bxg5 15.
Bxg5 Qf8 16. h5 h6 17. Bf4 Qd8 18. Qd4 b6 19. b4 cxb3 20. axb3 Bb7 21. f3 a5
22. Kf2 Rc8 23. b4 axb4 24. cxb4 Na6 25. Bd3 Nb8 26. b5 Nd7 27. g4 Nc5 28. Ra3
Nxd3+ 29. Qxd3 Qc7 30. gxf5 Rxf5 31. Kg3 Qf7 32. Ra7 $138 0-1

[Event "SR 2. liga A 2008/2009"]
[Site "?"]
[Date "2008.11.08"]
[Round "3.6"]
[White "Krajnak, Robert"]
[Black "Lahucky, Pavol"]
[Result "0-1"]
[WhiteElo "2079"]
[BlackElo "2066"]
[PlyCount "122"]
[EventDate "2008.??.??"]
[WhiteTeam "Slovakia"]
[BlackTeam "Slovakia"]
[WhiteTeamCountry "SVK"]
[BlackTeamCountry "SVK"]

1. c4 e5 2. Nc3 Nf6 3. e3 Bb4 4. Nge2 Nc6 5. a3 Bxc3 6. Nxc3 d5 7. cxd5 Nxd5 8.
Qc2 O-O 9. b4 Be6 10. Bb2 a6 11. Ne4 Bf5 12. d3 Bxe4 13. dxe4 Nde7 14. Rd1 Qc8
15. Bc4 Qg4 16. O-O Rad8 17. h3 Qg6 18. Bc3 Kh8 19. a4 f6 20. b5 axb5 21. axb5
Na7 22. Bb4 Nac8 23. Bb3 c6 24. bxc6 bxc6 25. Be6 Rxd1 26. Rxd1 Re8 27. Qc4 Qh5
28. Bg4 Qg6 29. Rd7 Nb6 30. Qe6 Nxd7 31. Qxd7 Rb8 32. Qxe7 Qe8 33. Qc5 Rb5 34.
Qc3 Qb8 35. Bc5 Qd8 36. Kh2 h6 37. Bf5 Qa5 38. Qc4 Rxc5 39. Qf7 Qd8 40. Qg6 Qg8
41. h4 Rc2 42. Kg1 Rc1+ 43. Kh2 Rf1 44. Kg3 c5 45. Qg4 Qd8 46. Kf3 Rd1 47. Be6
Qe8 48. Ke2 Rd6 49. Bd5 h5 50. Qf5 g6 51. Qh3 Kg7 52. g4 Qc8 53. f3 c4 54. Qg2
hxg4 55. h5 gxf3+ 56. Kxf3 g5 57. Qh1 Kh6 58. Ke2 c3 59. Kd1 Rb6 60. Kc1 c2 61.
Ba2 Qc3 0-1